1257 1394 1363 1661 1981 1977 1246 1454 1688 1049 1028 1181 1027 1552 1170 1201 1683 1602 1047 1629 1083 1502 1797 1514 1140 1733 1987 1011 1720 1830 1986 1317 1626 1713 1181 1702 1948 1594 1161 1228 1671 1469 1876 1672 1044 1485 1533 1697 1722 1832 1752 1167 1739 1443 1870 1200 1633 1197 1150 1103 1371 1224 1391 1062 1331 1015 1428 1783 1945 1066 1897 1354 1937 1037 1421 1282 1730 1697 1427 1233 1653 1841 1431 1248 1849 1188 1581 1275 1094 1605 1454 1308 1393 1305 1763 1578 1787 1498 1042 BCNSPRNW ULIB Ver.6.0+V

เปลี่ยนเป็นภาษาไทย

Change to English
 แสดงรายละเอียดบรรณานุกรม
  กลับหน้าหลัก

Brief Record : Get Marc (ISO 2709) : E-mail record : QR code < ปิดหน้าต่าง
LEADER : 00000nam 2200000uu 4500
001    13399121098
003     ULIB
008    121106s2552||||th 000 0 tha d
020    ^a9789749922835
050  4 ^aLB1033.5^bช424ท
100 0  ^aชิษณุ พันธุ์เจริญ
245 00 ^aทักษะการสื่อสารเพื่อความเป็นเลิศด้านการเรียนการสอน /^c[บรรณาธิการ] ชิษณุ พันธุ์เจริญ, จรุงจิตร์ งามไพบูลย์
260    ^aกรุงเทพฯ :^bธนาเพรส,^c2552
300    ^a129, [3] หน้า :^bภาพประกอบ ;^c21 ซม.
650  4 ^aการสื่อสาร
650  4 ^aการสื่อสารทางการศึกษา
650  4 ^aการสื่อสารทางการแพทย์
700 0  ^aชิษณุ พันธุ์เจริญ,^eบรรณาธิการ
700 0  ^aจรุงจิตร์ งามไพบูลย์,^eบรรณาธิการ
945    ^p160^l0^i15668
945    ^p160^l0^i16204
945    ^p160^l0^i15667
995    ^aวิภา
999 ^a ทศพร
รายการนี้ยังไม่มีแท็ก
คุณยังไม่ได้ล็อกอิน คุณสามารถมีกิจกรรมร่วมกับเว็บไซต์ได้ แต่ต้องล็อกอินก่อน ::
  ล็อกอิน

รายการสื่อสารสนเทศ

ลำดับที่ ประเภท เลขเรียก/บาร์โค้ด สถานที่ สถานะ
1. วิทยาศาสตร์การแพทย์ และสุขภาพ
วิทยาศาสตร์การแพทย์ และสุขภาพ
LB1033.5 ช424ท  
  Barcode: 15668
ห้องสมุดวิทยาเขตสวรรค์ประชารักษ์
►หนังสือทั่วไป
บนชั้น
2. วิทยาศาสตร์การแพทย์ และสุขภาพ
วิทยาศาสตร์การแพทย์ และสุขภาพ
LB1033.5 ช424ท ฉ.2 
  Barcode: 16204
ห้องสมุดวิทยาเขตสวรรค์ประชารักษ์
►หนังสือทั่วไป
บนชั้น
3. วิทยาศาสตร์การแพทย์ และสุขภาพ
วิทยาศาสตร์การแพทย์ และสุขภาพ
LB1033.5 ช424ท ฉ.3 
  Barcode: 15667
ห้องสมุดวิทยาเขตสวรรค์ประชารักษ์
►หนังสือทั่วไป
บนชั้น

รายการใกล้เคียง
    ผู้แต่ง [ชิษณุ พันธุ์เจริญ]

    หัวเรื่อง [การสื่อสาร]
    หัวเรื่อง [การสื่อสารทางการศึกษา]
    หัวเรื่อง [การสื่อสารทางการแพทย์]

BibComment


ยังไม่เคยถูกคอมเมนท์

คอมเมนท์ทรัพยากรรายการนี้
  คอมเมนท์: ทักษะการสื่อสารเ..


 Copyright 2026. Bcnsprnw @Library